000
00309nam a22001337a 4500
008
170203b xxu||||| |||| 00| 0 eng d
020
_a
9780866569781
041
_a
eng
080
_a
61
100
_a
3
101
_a
SHN
245
_a
MENAGING THE DUALLY DIAGNOSED PATIENT
_c
DAVID CONNELL
942
_2
udc
_c
BK
999
_c
4441
_d
4441